Organizational Behaviour (Record no. 350397)

000 -LEADER
fixed length control field 00520nam a22002057a 4500
003 - CONTROL NUMBER IDENTIFIER
control field OSt
005 - DATE AND TIME OF LATEST TRANSACTION
control field 20180116183016.0
008 - FIXED-LENGTH DATA ELEMENTS--GENERAL INFORMATION
fixed length control field 151006b xxu||||| |||| 00| 0 eng d
020 ## - INTERNATIONAL STANDARD BOOK NUMBER
International Standard Book Number 9788131772058
040 ## - CATALOGING SOURCE
Original cataloging agency 0
Transcribing agency 0
082 ## - DEWEY DECIMAL CLASSIFICATION NUMBER
Classification number 302.35 SIN 2013
100 ## - MAIN ENTRY--PERSONAL NAME
Personal name Kavita Singh
245 ## - TITLE STATEMENT
Title Organizational Behaviour
Remainder of title Text and Cases
Statement of responsibility, etc. Kavita Singh
250 ## - EDITION STATEMENT
Edition statement 2nd
260 ## - PUBLICATION, DISTRIBUTION, ETC.
Place of publication, distribution, etc. Delhi
Name of publisher, distributor, etc. Pearson
Date of publication, distribution, etc. 2013
300 ## - PHYSICAL DESCRIPTION
Extent 560 P.
Other physical details PB
440 ## - SERIES STATEMENT/ADDED ENTRY--TITLE
Title Organizational Behaviour
600 ## - SUBJECT ADDED ENTRY--PERSONAL NAME
Personal name Kavita Singh
942 ## - ADDED ENTRY ELEMENTS (KOHA)
Source of classification or shelving scheme
Koha item type Book
Holdings
Withdrawn status Lost status Source of classification or shelving scheme Damaged status Not for loan Collection code Permanent Location Current Location Shelving location Date acquired Total Checkouts Full call number Barcode Date last seen Date last checked out Price effective from Koha item type
            Central Library (CL) Central Library (CL) General Stacks 10/06/2015 1 302.35 SIN 2013 NBS9519 11/22/2017 07/20/2017 10/06/2015 Book
© 2023 Central Library, National University of Sciences and Technology. All Rights Reserved.